=LDR 00000nam 2200000 4500 =001 INLIS000000000005672 =005 20200416011354 =035 ##$$a 0010-061300000005672 =008 200416################g##########0#ind## =041 ##$$a Ind =082 ##$$a 294.592 2 =090 ##$$a 294.592 2, Lal r =100 1#$$a Lal, P =245 1#$$a Ramayana /$c P. Lal =260 ##$$a Jakarta :$b Penebar Swadaya,$c 1995 =300 ##$$a lx, 422 hlm. ; $c 13x20 cm. =650 #4$$a Ramayana =700 #$$a Jokolelono =020 ##$$a 979-419-176-0 =084 ##$$a 294.592 2 LAL r =990 ##$$a 85.003 pro.95 =990 ##$$a DW00025309